Responsabilidad del Estado y del funcionario público. caracterización general / 1 :

Guardado en:
Autor Principal: Pizarro, Ramón Daniel
Formato: Libro
Idioma:Spanish
Publicado: Buenos Aires : Astrea, 2016.
Edición:2a. ed. act. y ampl.
Materias:
Etiquetas: Agregar Etiqueta
Sin Etiquetas, Sea el primero en etiquetar este registro!
LEADER 00803nam a22001695a 4500
001 DER.der015068
008 241106s2016####ag#||||||||||||||#||spa||
005 20241106091108.0
245 1 0 |a Responsabilidad del Estado y del funcionario público.  |n 1 :  |b caracterización general /  |c Ramón Daniel Pizarro. 
250 |a 2a. ed. act. y ampl. 
260 |a Buenos Aires :  |b Astrea,  |c 2016. 
300 |a 548 p. 
500 |a Marco normativo. Daño resarcible. Antijuricidad. Imputación del daño a la administración pública. Relación de causalidad. Factor de atribución. Responsabilidad extracontractual por dependientes. Actividad ilegítima. Omisión. Hechos lícitos. 
020 |a 9789877061031 
100 1 |a Pizarro, Ramón Daniel 
650 7 |a DERECHO ADMINISTRATIVO 
859 |a DERECHO  |b BIB. DERECHO  |h 342  |i PIZ  |p 007995  |3 1